000 00407nam a2200145 i 4500
001 bg
100 1 _aBALASANOV, G. N.
245 0 _aOsnovy avtomatizacii technologičeskich processov gidrometallurgii redkich i radioaktivnych metallov /
_cG.N. Balasanov.
260 _aMoskva,
_c1960.
040 _cBPK
041 _apol
080 _a669.7/.8
942 _cKS
008 s pl f |000 0 pol
999 _c12659
_d12659
856 _uhttp://koha.tu.koszalin.pl/cgi-bin/koha/opac-detail.pl?biblionumber=12659
_yKatalog online BPK